000 01067nam0a22002651 4500
001 rc\4937589
005 20260407145540.0
021 _aRU
_b61-41962
021 _aRU
_bРг7240
035 _a(NLR Aleph) 008849369
090 _a8390547
_c8390547
100 _a20130426d1961 |||y0rusy50 ca
101 0 _arus
102 _aRU
105 _aa z |||||
200 1 _aСборник рационализаторских предложений по вагонному хозяйству (тт. Кучмы, Бовбас Д.И., Панасенко В.Я.)
210 _aДнепропетровск
_cБ. и.
_d1961
215 _a7 с., 1 л. ил.
_d20
225 1 _aСССР. МПС. Сталинская ж. д. ДорНТО и Дорожный дом техники. Информационное письмо по обмену опытом
712 0 2 _aПриднепровская железная дорога
_3RU\NLR\AUTH\8810022385
_9542777
801 0 _aRU
_bNLR
_gpsbo
801 1 _aRU
_bELAR
_2rusmarc
852 _aNLR
_j61-4/11695
942 _cBOOK
980 _aNB